Thơ ca dân gian Tày - Nùng xứ Lạng

Đã lưu trong:
Chi tiết về thư mục
Tác giả khác: Hoàng Văn An (h.đ.), Nguyễn Duy Bắc (s.t., tuyển chọn, giới thiệu)
Định dạng: Sách
Ngôn ngữ:Vietnamese
Được phát hành: H. Thanh niên 2012
Những chủ đề:
Các nhãn: Thêm thẻ
Không có thẻ, Là người đầu tiên thẻ bản ghi này!
Thư viện lưu trữ: Mạng thư viện Đại học Đà Nẵng
LEADER 01397aam a22003738a 4500
001 000018091
003 14518
005 20130904140957.0
008 130904s2012 viesd
020 |d 2000b 
041 0 |a vie 
082 1 4 |2 14  |a 398.20959711  |b Thơ 
245 0 0 |a Thơ ca dân gian Tày - Nùng xứ Lạng  |c S.t., tuyển chọn, giới thiệu: Nguyễn Duy Bắc ; Hoàng Văn An dịch 
260 |a H.  |b Thanh niên  |c 2012 
300 |a 517 tr.  |c 21 cm. 
500 |a ĐTTS ghi: Hội Văn nghệ dân gian Việt Nam 
650 0 4 |2 Bộ TK TVQG  |a Văn học dân gian  |x Dân tộc Tày  |x Dân tộc Nùng  |z Lạng Sơn 
651 7 |2 Bộ TK TVQG  |a Lạng Sơn 
651 7 |2 Bộ TK TVQG  |a Việt Nam 
653 |a Thơ ca 
655 7 |2 Bộ TK TVQG  |a Thơ 
655 7 |2 Bộ TK TVQG  |a Sách song ngữ 
700 1 |a Hoàng Văn An  |e h.đ. 
700 1 |a Nguyễn Duy Bắc  |e s.t., tuyển chọn, giới thiệu 
OWN |a LSP 
AVA |a UDN50  |b LSP  |d 398.20959711 Thơ  |e available  |t Error 5001 Not defined in file expand_doc_bib_avail.  |f 1  |g 0  |h N  |i 0  |k 1 
999 |a From the UDN01 
AVA |a UDN50  |b LSP  |d 398.20959711 Thơ  |e available  |t Error 5001 Not defined in file expand_doc_bib_avail.  |f 1  |g 0  |h N  |i 0  |k 1 
TYP |a Monograph 
TYP |a Printed language 
980 |a Mạng thư viện Đại học Đà Nẵng